02238cam a22002778i 450000100090000000300040000900500170001300800410003001000170007102000180008804000230010604200080012905000200013708200170015710000520017424501280022625000190035426400390037330000140041250400510042652012310047765000200170865000450172865000340177377601530180721315451OSt20221029113825.0191129s2020 nju b 001 0 eng  a 2019051991 a9788126542109 aDLCbengerdacDLC apcc00aSB731b.D5 202000a632.3bLUC/P1 aLucas, J. A.q(John Alexander),d1948-eauthor.10aPlant pathology and plant pathogens /cprof. John A. Lucas, Rothamsted Research, West Common, Harpenden, Hertfordshire, UK. aThird edition. 1aHoboken :bWiley-Blackwell,c1998. a174 pages aIncludes bibliographical references and index. a"Plant Pathology is the scientific study of plant diseases and the pathogens that cause them, including viruses, bacteria, fungi, oomycetes and nematodes. The management of plant disease, disease cycles and the environmental conditions associated with disease are also integral to the study of plant pathology. Plant disease is relevant to many areas of biological and agricultural science; for example it has impacts on crop quality and yield, horticulture, plant biodiversity and human health and wellbeing. Some well-known examples of plant pathogens include potato blight (Phytophthora infestans), Fusarium wilt disease (Fusarium spp.) which affects grain and other crops and the recent Ash dieback epidemic (Chalara fraxinea). The need for effective crop protection is now even more pressing with the estimates of population growth and adaptation to more variable climate. The link between fundamental discovery and practical application in crop protection is vital. Like all of biology, plant pathology is now embracing the "Omics revolution", and recent advances in plant breeding and biotechnology are also leading to a better understanding of pathogen biology and plant responses to disease"--cProvided by publisher. 0aPlant diseases. 0aPhytopathogenic microorganismsxControl. 0aPlant-pathogen relationships.08iOnline version:aLucas, John A, 1948-tPlant pathology and plant pathogensbFourth edition.dHoboken : Wiley, 2020.z9781118893821w(DLC) 2019051992